00478pab a2200157 454500008004000000100001800040245007900058260000900137300001500146362001200161650001800173650003300191650004400224650002800268773002400296180718b2011 xxu||||| |||| 00| 0 eng d aLipsey, David aA very peculiar revolution: Britain's politics and constitution, 1970-2011 c2011 ap.341-354. aJul-Sep aConstitutions aGreat Britain - Constitution aGreat Britain - Politics and government aPolitics and government aPolitical Quarterly